The ten books on architecture
Saved in:
| Hovedforfatter: | |
|---|---|
| Format: | Bog |
| Sprog: | engelsk |
| Udgivet: |
Nueva York
Dover
1960
|
| Fag: | |
| Tags: |
Tilføj Tag
Ingen Tags, Vær først til at tagge denne postø!
|
MARC
| LEADER | 00000nam a2200000 a 4500 | ||
|---|---|---|---|
| 001 | UCZ1215 | ||
| 003 | CL-VaPUC | ||
| 008 | 950817e19600000US |||||||||||||||||eng|d | ||
| 082 | 0 | 4 | |a 722.7 |b VIT |2 21 |
| 100 | 0 | |a Vitruvio Polión, Marco Lucio |e author |9 344677 | |
| 245 | 1 | 4 | |a The ten books on architecture |
| 300 | |a 331 p | ||
| 942 | |c BK | ||
| 945 | |d 19950817 00:00:00 |a aalvarez | ||
| 260 | |a Nueva York |b Dover |c 1960 | ||
| 650 | 0 | |a Historia |9 255047 | |
| 650 | 0 | |a Arquitectura |9 804558 | |
| 650 | 7 | |a TEMPLOS |2 CL-VaPUC |9 266644 | |
| 650 | 0 | |a Edificios |9 260501 | |
| 651 | 0 | |a Roma |9 255106 | |
| 583 | |a last modification |c 19950817 00:00:00 |k Rodrigo Vera | ||
| 999 | |c 238003 |d 238001 | ||
| 952 | |0 0 |1 0 |4 0 |6 722_700000000000000_VIT_1960 |7 0 |8 R |9 247893 |a BIBARQ |b BIBARQ |d 2019-11-18 |i 3124029 |l 1 |o 722.7 VIT 1960 |p 3124029 |r 2025-01-20 |s 2020-03-04 |w 2019-11-18 |y BK_R |k ARQ | ||